Shaheen (Record no. 587645)
[ view plain ]
| 000 -LEADER | |
|---|---|
| fixed length control field | 00276nam a22001217a 4500 |
| 020 ## - INTERNATIONAL STANDARD BOOK NUMBER | |
| International Standard Book Number | 9789697088508 |
| 040 ## - CATALOGING SOURCE | |
| Transcribing agency | NUST |
| 082 ## - DEWEY DECIMAL CLASSIFICATION NUMBER | |
| Classification number | 891.4393 NAS |
| 100 ## - MAIN ENTRY--PERSONAL NAME | |
| Personal name | Naseem Hijazi |
| 9 (RLIN) | 88501 |
| 245 ## - TITLE STATEMENT | |
| Title | Shaheen |
| 260 ## - PUBLICATION, DISTRIBUTION, ETC. | |
| Place of publication, distribution, etc. | LAHORE: |
| Name of publisher, distributor, etc. | Jahangir Book Depot, |
| Date of publication, distribution, etc. | 2020. |
| 942 ## - ADDED ENTRY ELEMENTS (KOHA) | |
| Source of classification or shelving scheme | |
| Koha item type | Book |
| Withdrawn status | Lost status | Source of classification or shelving scheme | Damaged status | Not for loan | Permanent Location | Current Location | Shelving location | Date acquired | Shelving control number | Total Checkouts | Full call number | Barcode | Checked out | Date last seen | Date last checked out | Price effective from | Koha item type | Public note |
|---|---|---|---|---|---|---|---|---|---|---|---|---|---|---|---|---|---|---|
| College of Electrical & Mechanical Engineering (CEME) | College of Electrical & Mechanical Engineering (CEME) | Fiction | 01/19/2022 | Urdu Literature | 1 | 891.4393 NAS (KIDS SEC) | CEME-50627 | 02/21/2026 | 01/22/2026 | 01/22/2026 | 01/19/2022 | Book | 1.0 |
